000
00339nam a22001457a 4500
003
OSt
008
250509b |||||||| |||| 00| 0 eng d
100
_a
SHASTRI, Acharya Chandershekhar
245
_a
Prerna k Phool
250
_a
22th
260
_a
New Delhi
_b
Arya Prakashan
_c
2022
300
_a
64
650
_a
General
942
_2
ddc
_c
BK
999
_c
13568
_d
13568